| Tag |
First Indicator |
Second Indicator |
Subfields |
| LEADER |
00000cam a2200000 a 4500 |
| 001 |
in00000415459 |
| 005 |
20151012063953.0 |
| 008 |
870116s1902 nyuaf 00011 eng d |
| 035 |
|
|
|a (OCoLC)15078475
|
| 035 |
|
|
|9 ABW0951AM
|
| 040 |
|
|
|a TXA
|c TXA
|d UtOrBLW
|
| 049 |
|
|
|a TXAS
|c [A08610775]
|
| 090 |
|
|
|a PR6035.A742
|b C5 1902
|
| 100 |
1 |
|
|a Rathborne, St. George,
|d 1854-1928.
|
| 245 |
1 |
0 |
|a Chums of the prairie /
|c by St. George Rathborne.
|
| 264 |
|
1 |
|a New York ;
|a London :
|b Street & Smith,
|c [1902]
|
| 264 |
|
4 |
|c ©1902
|
| 300 |
|
|
|a 261 pages, 3 leaves of plates :
|b illustrations ;
|c 19 cm.
|
| 336 |
|
|
|a text
|b txt
|2 rdacontent
|
| 337 |
|
|
|a unmediated
|b n
|2 rdamedia
|
| 338 |
|
|
|a volume
|b nc
|2 rdacarrier
|
| 999 |
|
|
|a MARS
|
| 999 |
f |
f |
|s 3f9b95f2-1b75-315c-833f-62c7680fdc4f
|i 7a1ddc08-ee25-3010-aca4-16bd4117c03d
|t 0
|
| 952 |
f |
f |
|p noncirc
|a Texas A&M University
|b College Station
|c Cushing Memorial Library & Archives
|d Cushing: Dykes (Does not check out)
|t 0
|e PR6035.A742 C5 1902
|h Library of Congress classification
|i unmediated -- volume
|m A14851892829
|
| 998 |
f |
f |
|a PR6035.A742 C5 1902
|t 0
|l Cushing: Dykes (Does not check out)
|